W jakim kraju znajduje się to miejsce? - Statystyki

Ogólne statystyki
  • Ten quiz został rozwiązany 55 razy
  • Średni wynik to 18 z 27
Statystyki odpowiedzi
Hint Odpowiedź % Poprawnych
Kreml Rosja
96%
Statua Wolności Stany Zjednoczone
96%
Piramidy w Gizie Egipt
94%
Wersal Francja
94%
Góra Kenia Kenia
92%
Yellowstone Stany Zjednoczone
92%
Ściana płaczu Izrael
87%
Hala Stulecia Polska
85%
Etna Włochy
85%
Stonehenge Wielka Brytania
81%
Wielka Rafa Koralowa Australia
79%
Machu Picchu Peru
75%
Góra Fudżi Japonia
73%
Kaplica Sykstyńska Watykan
71%
Terakotowa Armia Chiny
67%
Westminster Wielka Brytania
67%
Greenwich Wielka Brytania
65%
Wyspy Galapagos Ekwador
56%
Petra Jordania
54%
Ladyboy Tajlandia
48%
Everglades Stany Zjednoczone
44%
Uluru Australia
42%
Pamukkale Turcja
40%
Chichen Itza Meksyk
38%
Atomium Belgia
25%
Park Güell Hiszpania
25%
Park Narodowy Lorentz Indonezja
13%
Nie znaleziono quizów pasujących do podanych kryteriów
Rozkład punktacji
Procent ludzi z każdym wynikiem
Percentyl według liczby udzielonych odpowiedzi
Twoja historia wyników
Nie rozwiązałeś tego quizu